[Event "Nova Gorica op 24th"]
[Site "Nova Gorica"]
[Date "2019.01.29"]
[Round "7"]
[White "Bajec, Borut"]
[Black "Banovi, Alit"]
[Result "0-1"]
[WhiteElo "1773"]
[BlackElo "1883"]
[PlyCount "92"]
[EventDate "2019.01.25"]
[EventType "swiss"]
[EventRounds "9"]
[EventCountry "SLO"]
[SourceTitle "CBM 188 Extra"]
[Source "ChessBase"]
[SourceDate "2019.02.26"]
[SourceVersion "1"]
[SourceVersionDate "2019.02.26"]
[SourceQuality "1"]

1. d4 e6 2. c4 d5 3. cxd5 exd5 4. Nf3 Nf6 5. Bg5 Be7 6. e3 h6 7. Bh4 c6 8. Be2 Bf5 9. 0-0 Nbd7 10. Nc3 Ne4 11. Nxe4 Bxe4 12. Bxe7 Qxe7 13. Nd2 0-0 14. Nxe4 dxe4 15. Rc1 Nb6 16. Qb3 Rad8 17. Rc5 Rd5 18. Rfc1 Rfd8 19. Qa3 Qc7 20. Rxd5 Nxd5 21. Qxa7 f5 22. Bc4 f4 23. Qc5 Qf7 24. Qa5 Rd7 25. Qd2 f3 26. gxf3 Qxf3 27. Qe2 Qf5 28. Kh1 Kh7 29. Bxd5 Rxd5 30. Rf1 g5 31. f3 exf3 32. Qxf3 Kg6 33. Kg2 Qe6 34. Qe2 Rxd4 35. Rf2 Rg4+ 36. Kf1 Re4 37. Qd3 Qh3+ 38. Ke2 Qe6 39. h4 Kh5 40. hxg5 hxg5 41. Kd2 Qe5 42. Qe2+ g4 43. Qd3 Qxb2+ 44. Ke1 Qa1+ 45. Ke2 Qxa2+ 46. Kf1 Qc4 0-1

[Event "Nova Gorica op 24th"]
[Site "Nova Gorica"]
[Date "2019.01.26"]
[Round "2"]
[White "Banovi, Alit"]
[Black "Kavcic, Bor"]
[Result "1-0"]
[WhiteElo "1883"]
[BlackElo "1667"]
[PlyCount "49"]
[EventDate "2019.01.25"]
[EventType "swiss"]
[EventRounds "9"]
[EventCountry "SLO"]
[SourceTitle "CBM 188 Extra"]
[Source "ChessBase"]
[SourceDate "2019.02.26"]
[SourceVersion "1"]
[SourceVersionDate "2019.02.26"]
[SourceQuality "1"]

1. d4 Nf6 2. Bg5 e6 3. Nd2 d5 4. e4 h6 5. Bxf6 Qxf6 6. e5 Qh4 7. Ngf3 Qd8 8. Rc1 c5 9. c3 Nc6 10. Be2 Be7 11. 0-0 0-0 12. b3 f6 13. Bb5 Qb6 14. Qe2 Bd7 15. Bxc6 bxc6 16. Qd3 Bc8 17. Qg6 Ba6 18. Rfe1 f5 19. Qxe6+ Rf7 20. Qg6 Rc8 21. Nf1 Qa5 22. Ne3 Rcf8 23. Qxc6 cxd4 24. Nxd5 Ba3 25. e6 1-0

[Event "Nova Gorica op 24th"]
[Site "Nova Gorica"]
[Date "2019.01.25"]
[Round "1"]
[White "Zlatanovic, Srdjan"]
[Black "Banovi, Alit"]
[Result "1/2-1/2"]
[WhiteElo "1638"]
[BlackElo "1883"]
[PlyCount "99"]
[EventDate "2019.01.25"]
[EventType "swiss"]
[EventRounds "9"]
[EventCountry "SLO"]
[SourceTitle "CBM 188 Extra"]
[Source "ChessBase"]
[SourceDate "2019.02.26"]
[SourceVersion "1"]
[SourceVersionDate "2019.02.26"]
[SourceQuality "1"]

1. d4 e6 2. Nf3 d5 3. Bf4 Nf6 4. e3 h6 5. c3 a5 6. Nbd2 c6 7. a4 Nbd7 8. Qc2 Be7 9. Bd3 c5 10. Ne5 c4 11. Be2 0-0 12. Bf3 Nh7 13. Bg3 f5 14. Ng6 Rf6 15. Bh5 Nhf8 16. Ne5 g6 17. Bf3 Nh7 18. Bh4 Nxe5 19. dxe5 Rf7 20. Bxe7 Qxe7 21. Be2 Bd7 22. f4 Kg7 23. Nf3 g5 24. g3 Nf8 25. Nd4 Ng6 26. Bh5 Rff8 27. h4 g4 28. Bxg6 Kxg6 29. Kd2 h5 30. Rhb1 Rfb8 31. b4 b5 32. Qb2 axb4 33. Qxb4 Qxb4 34. Rxb4 bxa4 35. Nc2 Kf7 36. Ra3 Ke7 37. Kc1 Kd8 38. Kb2 Kc7 39. Ra1 Rb6 40. Ka3 Rab8 41. Rab1 R8b7 42. Nd4 Rb8 43. Rxb6 Rxb6 44. Rxb6 Kxb6 45. Kb4 a3 46. Kxa3 Ka5 47. Nc2 Kb5 48. Nb4 Kc5 49. Na6+ Kb6 50. Nb4 1/2-1/2

[Event "Mestre Ragazzini Memorial 2nd"]
[Site "Mestre"]
[Date "2011.05.21"]
[Round "3"]
[White "Banovi, Alit"]
[Black "Panican, Gheorghe"]
[Result "1/2-1/2"]
[WhiteElo "1865"]
[BlackElo "1995"]
[PlyCount "193"]
[EventDate "2011.05.20"]
[EventType "swiss"]
[EventRounds "5"]
[EventCountry "ITA"]
[SourceTitle "EXT 2022"]
[Source "ChessBase"]
[SourceDate "2021.10.06"]
[SourceVersion "1"]
[SourceVersionDate "2021.10.06"]
[SourceQuality "1"]

1. d4 Nf6 2. Bg5 e6 3. e3 b6 4. Qf3 c6 5. Bxf6 Qxf6 6. Qxf6 gxf6 7. Nd2 Bb7 8. Ngf3 d6 9. a4 a5 10. Nc4 Nd7 11. Na3 Be7 12. Nd2 Rg8 13. f3 f5 14. g3 d5 15. c3 h5 16. f4 h4 17. Kf2 Nf6 18. Bg2 Nh5 19. Nf1 Kd7 20. Bf3 Rh8 21. Nd2 Rag8 22. Bxh5 Rxh5 23. Nf3 Rgh8 24. Rhg1 hxg3+ 25. hxg3 Bf6 26. Kg2 Ba6 27. Rh1 Bd3 28. Rxh5 Rxh5 29. Rh1 Rxh1 30. Kxh1 Be4 31. Kg2 Be7 32. Kf2 f6 33. Ne1 Bxa3 34. bxa3 Ke7 35. Ke2 Kf7 36. Nd3 Kg6 37. Nf2 Bc2 38. Kd2 Bxa4 39. Kc1 Bb5 40. Kd2 Bf1 41. Ke1 Bg2 42. Ke2 Kf7 43. Kd2 Bf3 44. Kc2 Ke7 45. Kb3 Be2 46. Kc2 Kd6 47. Kb3 Kc7 48. Kc2 Kb7 49. Kd2 Bh5 50. Kd3 Ka6 51. c4 dxc4+ 52. Kxc4 Be2+ 53. Kb3 b5 54. Kc3 Kb6 55. Kd2 Bf1 56. g4 fxg4 57. Nxg4 f5 58. Ne5 Kc7 59. Nf7 Bc4 60. Kc3 Bd5 61. Ne5 Be4 62. Nf7 Bf3 63. Ne5 Be4 64. Nf7 Kd7 65. Ne5+ Ke7 66. Kb3 Bd5+ 67. Kc3 Kf6 68. Nd7+ Kg6 69. Nc5 Kh5 70. Nb7 a4 71. Nc5 Kg4 72. Nd3 Kf3 73. Kd2 Kg2 74. Ke1 Be4 75. Nb4 Kf3 76. Kd2 Kf2 77. Na6 Bd5 78. Nb4 Kf3 79. Na6 Kg4 80. Nb4 Kh5 81. Kc3 Kg6 82. Nd3 Kf6 83. Kb4 Ke7 84. Kc5 Kf6 85. Kb4 Kg6 86. Kc3 Kh5 87. Kd2 Kg4 88. Nb4 Kf3 89. Na6 Bc4 90. Nb4 Bd5 91. Na6 Kg3 92. Nb4 Bh1 93. Ke2 Bd5 94. Kd2 Kf3 95. Na6 Kg3 96. Nb4 Bf3 97. Nd3 1/2-1/2

[Event "Mogliano Veneto op-B 32nd"]
[Site "Mogliano Veneto"]
[Date "2011.05.01"]
[Round "4"]
[White "Banovi, Alit"]
[Black "Penzo, Amleto"]
[Result "1-0"]
[WhiteElo "1865"]
[BlackElo "1783"]
[PlyCount "85"]
[EventDate "2011.04.29"]
[EventType "swiss"]
[EventRounds "5"]
[EventCountry "ITA"]
[SourceTitle "EXT 2024"]
[Source "ChessBase"]
[SourceDate "2023.10.10"]
[SourceVersion "1"]
[SourceVersionDate "2023.10.10"]
[SourceQuality "1"]

1. d4 Nf6 2. c4 g6 3. Nc3 Bg7 4. e4 d6 5. Nf3 0-0 6. Bd3 Nbd7 7. Bd2 e5 8. d5 Nc5 9. Bc2 a5 10. a3 Bd7 11. b4 axb4 12. axb4 Rxa1 13. Qxa1 Na6 14. Ne2 Nxe4 15. Bxe4 f5 16. Bc2 e4 17. Nfd4 Be5 18. Qa3 Qf6 19. Nb3 Bb2 20. Qa2 g5 21. h4 g4 22. 0-0 Be5 23. g3 e3 24. Bxe3 Nxb4 25. Qb1 Nxc2 26. Qxc2 b5 27. c5 c6 28. Nf4 cxd5 29. Nxd5 Qf7 30. Nf4 dxc5 31. Nxc5 Rc8 32. Qb3 Bxf4 33. Qxf7+ Kxf7 34. Nxd7 Bd6 35. Nb6 Rb8 36. Rd1 Be7 37. Rd5 Kg6 38. Rxb5 Bd8 39. Rd5 Bf6 40. Rd6 Rf8 41. Nd7 Rf7 42. h5+ Kg7 43. Nxf6 1-0

[Event "Treviso op-B 34th"]
[Site "Treviso"]
[Date "2010.12.05"]
[Round "5.4"]
[White "Banovi, Alit"]
[Black "Broli, Carlo"]
[Result "0-1"]
[WhiteElo "1831"]
[BlackElo "1866"]
[PlyCount "98"]
[EventDate "2010.12.03"]
[EventType "swiss"]
[EventRounds "5"]
[EventCountry "ITA"]
[SourceTitle "EXT 2024"]
[Source "ChessBase"]
[SourceDate "2023.10.10"]
[SourceVersion "1"]
[SourceVersionDate "2023.10.10"]
[SourceQuality "1"]

1. d4 d5 2. c4 e6 3. e3 Nf6 4. Nc3 Be7 5. Bd2 0-0 6. c5 c6 7. f4 b6 8. b4 Ba6 9. Nf3 Bxf1 10. Kxf1 Nbd7 11. h3 Ne4 12. Nxe4 dxe4 13. Nh2 Nf6 14. Ng4 Nd7 15. g3 a5 16. a3 axb4 17. axb4 Rxa1 18. Qxa1 bxc5 19. bxc5 Nxc5 20. Qc3 Nd3 21. Qxc6 Qa8 22. Qc7 Qa1+ 23. Kg2 Qa2 24. Qa5 Qxa5 25. Bxa5 Ra8 26. Be1 Ra1 27. Bc3 Ra2+ 28. Kf1 Rc2 29. Ba5 f6 30. Rh2 Rc1+ 31. Kg2 Ra1 32. Bc3 Ra3 33. Bd2 Ra2 34. Kf1 h5 35. Bc3 Ra3 36. Rc2 hxg4 37. hxg4 Bb4 38. Bxb4 Nxb4 39. Rc8+ Kh7 40. f5 exf5 41. Ke2 fxg4 42. Rc4 Ra2+ 43. Kd1 Nd5 44. Rc5 Nxe3+ 45. Kc1 Kg6 46. d5 Nf5 47. Rc4 Ra5 48. Rxe4 Rxd5 49. Rxg4+ Kh5 0-1

[Event "Treviso op-B 34th"]
[Site "Treviso"]
[Date "2010.12.05"]
[Round "4.7"]
[White "Banovi, Alit"]
[Black "Santagati, Marco"]
[Result "1-0"]
[WhiteElo "1831"]
[BlackElo "1572"]
[PlyCount "59"]
[EventDate "2010.12.03"]
[EventType "swiss"]
[EventRounds "5"]
[EventCountry "ITA"]
[SourceTitle "EXT 2024"]
[Source "ChessBase"]
[SourceDate "2023.10.10"]
[SourceVersion "1"]
[SourceVersionDate "2023.10.10"]
[SourceQuality "1"]

1. d4 e6 2. c4 f5 3. e4 fxe4 4. Nc3 Nf6 5. Bg5 Bb4 6. Nge2 0-0 7. a3 Be7 8. Bxf6 Bxf6 9. Nxe4 b6 10. g3 d5 11. cxd5 exd5 12. N4c3 Bf5 13. Bg2 c6 14. 0-0 Qc8 15. Rc1 Qd7 16. Nf4 Bg5 17. Nce2 Bg4 18. f3 Bf5 19. Rc3 Na6 20. Qa4 Nb8 21. h4 Be7 22. Qd1 Qd8 23. Re3 Qc8 24. Rxe7 Na6 25. Nh5 g6 26. Nhf4 Nc7 27. Nc3 Ne6 28. Nxe6 Bxe6 29. Re1 Bh3 30. Qd2 1-0

[Event "Treviso op-B 34th"]
[Site "Treviso"]
[Date "2010.12.03"]
[Round "1.8"]
[White "Bressan, Paolo"]
[Black "Banovi, Alit"]
[Result "0-1"]
[WhiteElo "1490"]
[BlackElo "1831"]
[PlyCount "65"]
[EventDate "2010.12.03"]
[EventType "swiss"]
[EventRounds "5"]
[EventCountry "ITA"]
[SourceTitle "EXT 2024"]
[Source "ChessBase"]
[SourceDate "2023.10.10"]
[SourceVersion "1"]
[SourceVersionDate "2023.10.10"]
[SourceQuality "1"]

1. e4 d5 2. exd5 Qxd5 3. Nc3 Qd8 4. d4 e6 5. Be2 Bb4 6. Nf3 Nf6 7. 0-0 Nc6 8. a3 Bd6 9. h3 0-0 10. Re1 a6 11. Be3 Ne7 12. Nh2 c6 13. Ng4 Nfd5 14. Nxd5 Nxd5 15. Bd2 Bc7 16. c4 Nf4 17. Bxf4 Bxf4 18. Bd3 f5 19. Nh2 Qxd4 20. Qc2 Qf6 21. Nf3 e5 22. g3 e4 23. Bxe4 fxe4 24. Qxe4 Bd6 25. Kg2 Bf5 26. Qd4 Bxh3+ 27. Kxh3 Qxf3 28. Qxd6 Rf6 29. Re6 Qf5+ 30. Kg2 Rxe6 31. Qd7 Qe4+ 32. Kg1 Rh6 33. f3 0-1